000 00594nam a2200229Ia 4500
005 20260121111702.0
008 18 260114s9999 xx 000 0 eng d
020 _a9789811220876
037 _aEBOOK
040 _aCRL
_beng
_cCRL
041 _aeng
_2eng
084 _qCRL
100 _aDAS ASHOK
_9945662
245 0 _aLectures On Quantum Field Theory
260 _bWorld Scientific
260 _bWorld Scientific
260 _c2020
856 _uhttps://www.worldscientific.com/worldscibooks/10.1142/11845#t=toc
942 _cEBOOK
999 _c1537318
_d1537318